000 00628nam a2200229Ia 4500
005 20230318093738.0
008 131103s9999 xx 000 0 und d
020 _a460114913
_cGBP 2.95
040 _aLoreto College
041 _aEnglish
082 _a822.3
_bCRA
245 _aMinon Elizabethan tragedies
_cedited by T. W. Craik
260 _aLondon
_bJ. M. Dent
_c1974
300 _axxiv,285 p.
440 _aEveryman university library
504 _aIncludes bibliographical references
650 _aEnglish Drama
651 _a1558-1625 - tragedy
700 _aCraik, T. W., ed.
850 _aLCLIB
942 _cBK
999 _c6733
_d57212